[Event "Vienna Tschaturanga op-B U2000"]
[Site "Vienna"]
[Date "2012.03.05"]
[Round "6.8"]
[White "Draxl, Ernst"]
[Black "Tunka, Johann"]
[Result "1-0"]
[WhiteElo "1506"]
[BlackElo "1421"]
[PlyCount "53"]
[EventDate "2012.01.30"]
[EventType "swiss"]
[EventRounds "7"]
[EventCountry "AUT"]
[SourceTitle "EXT 2024"]
[Source "ChessBase"]
[SourceDate "2023.10.10"]
[SourceVersion "1"]
[SourceVersionDate "2023.10.10"]
[SourceQuality "1"]

1. Nf3 Nf6 2. c4 e6 3. g3 d5 4. cxd5 exd5 5. d4 Bf5 6. Bf4 Bd6 7. Bxd6 Qxd6 8. Bg2 0-0 9. 0-0 Nbd7 10. Nc3 c6 11. Nh4 Be6 12. Qd2 b6 13. f4 Bg4 14. h3 Bh5 15. g4 Bxg4 16. hxg4 Nxg4 17. e4 Qh6 18. Qe1 Rae8 19. Qg3 Ngf6 20. Rae1 Nh5 21. Qf3 dxe4 22. Nxe4 f5 23. Ng5 Rd8 24. Qb3+ Kh8 25. Nf7+ Rxf7 26. Qxf7 Ng3 27. Re8+ 1-0